Discurso del rector Raúl Allard N. al asumir el cargo
Salvato in:
| Autore principale: | |
|---|---|
| Natura: | Libro |
| Lingua: | spagnolo |
| Pubblicazione: |
Valparaíso
Extensión universitaria
1968
|
| Soggetti: | |
| Tags: |
Aggiungi Tag
Nessun Tag, puoi essere il primo ad aggiungerne!!
|
MARC
| LEADER | 00000nam a2200000 a 4500 | ||
|---|---|---|---|
| 001 | UCG5344 | ||
| 003 | CL-VaPUC | ||
| 008 | 110303e19680906CL |||||||||||||||||spa|d | ||
| 082 | 0 | 4 | |a 378 |b ALL |2 21 |
| 100 | 0 | |a Allard Neumann, Raúl |e author |9 469383 | |
| 245 | 1 | 0 | |a Discurso del rector Raúl Allard N. al asumir el cargo |
| 300 | |a 20 p | ||
| 942 | |c BK | ||
| 945 | |d 20110303 00:00:00 |a dcastane | ||
| 260 | |a Valparaíso |b Extensión universitaria |c 1968 | ||
| 650 | 0 | |a Archivo histórico PUCV |9 255554 | |
| 650 | 0 | |a Discursos |9 265028 | |
| 583 | |a last modification |c 20110303 00:00:00 |k Rodrigo Vera | ||
| 999 | |c 343875 |d 343873 | ||
| 952 | |0 0 |1 0 |4 0 |6 378_000000000000000_ALL_1968 |7 0 |8 X |9 441564 |a FDOBUD |b FDOBUD |d 2019-11-22 |i 4745523 |o 378 ALL 1968 |p 4745523 |r 2019-11-22 |w 2019-11-22 |y BK_X |k FHP | ||